000 00298nam a22001337a 4500
003 OSt
008 241003b |||||||| |||| 00| 0 eng d
082 _a547
_bC47R
100 _aCoffey,S.
245 _aChemistry of Carbon Compounds
260 _aElsevier
_c1965
300 _a418
942 _2ddc
_cPER
999 _c46113
_d46113